| 000 | 00000nam 2200000zi 4500 |
| 001 | 9.954188 |
| 003 | CaOODSP |
| 005 | 20250822080812 |
| 006 | m o d f |
| 007 | cr cn |||||||| |
| 008 | 250818e20151118onc obs f000 0 eng d |
| 040 | |aCaOODSP|beng|erda|cCaOODSP |
| 043 | |an-cn--- |
| 086 | 1 |aCS82-003/2015-11-3E-PDF |
| 100 | 1 |aKohen, Dafna E., |eauthor. |
| 245 | 10|aHousing and health among Inuit children / |cby Dafna E. Kohen, Evelyne Bougie and Anne Guèvremont. |
| 264 | 1|a[Ottawa] : |bStatistics Canada = Statistique Canada, |cNovember 18, 2015. |
| 264 | 4|c©2015 |
| 300 | |a1 online resource (pages 21-27). |
| 336 | |atext|btxt|2rdacontent |
| 337 | |acomputer|bc|2rdamedia |
| 338 | |aonline resource|bcr|2rdacarrier |
| 490 | 1 |aHealth reports, |x1209-1367 ; |vvol. 26, no. 11, [3] |
| 500 | |aIssued also in French under title: Logement et santé des enfants inuits. |
| 500 | |aCover title. |
| 504 | |aIncludes bibliographical references (pages 26-27). |
| 520 | 3 |a"Housing conditions have been associated with child health. Inuit children are generally in poorer health than other Canadian children. They are also more likely to live in crowded households, in dwellings that need major repair, and to be exposed to second-hand smoke in the home"--Abstract, page 21. |
| 650 | 0|aInuit children|xHealth and hygiene|zCanada|vStatistics. |
| 650 | 0|aHousing and health|zCanada|vStatistics. |
| 655 | 7|aStatistics|2lcgft |
| 710 | 2 |aStatistics Canada, |eissuing body. |
| 775 | 08|tLogement et santé des enfants inuits / |w(CaOODSP)9.954187 |
| 830 | #0|aHealth reports (Series)|x1209-1367 ; |vv. 26, no. 11, [3].|w(CaOODSP)9.950253 |
| 856 | 40|qPDF|s499 KB|uhttps://publications.gc.ca/collections/collection_2025/statcan/82-003-x/CS82-003-2015-11-3-eng.pdf |
| 856 | 4 |qHTML|sN/A|uhttps://www150.statcan.gc.ca/n1/pub/82-003-x/2015011/article/14223-eng.htm |
| 986 | |a82-003-X |